00420cam a2200157ua 45000010005000000080039000050400009000440820013000531000030000662450049000962500009001452600037001543000017001916530024002086530030002323682120209n ii |||gr||||Z||||||asm cMAIN a891.4514 aNeog, Dimbeswar,eAuthor.11aAsomiya sahityar adhyayancby Dimbeswar Neog a1st. aGuwahati:bSuwani Prakashan,964. a280p:c23cm. aAssamese literature aAsomiya sahityar adhyayan